000 00988nam a2200265Ia 4500
003 OSt
005 20221005110926.0
006 a|||||r|||| 00| 0
007 ta
008 221004b |||||||| |||| 00| 0 hin d
020 _a9788126720217 (hbk)
_c450
024 _a107071
037 _b1467, 17/03/2011, Kiran Book Service
_cTextual
040 _aCRL
_cCRL
_bhin
041 _2hin
_ahin
082 _aO152(Y15):g, Q1
100 _aअग्रवाल, रोहिणी
245 0 _aस्त्री लेखन
_b स्वप्न और संकल्प
246 _aStrī lekhana: svapna aur sankalpa
260 _aनई दिल्ली
_bराजकमल प्रकाशन भारत
_c2011
300 _a327पृ0
_ccm.
650 _aहिन्दी साहित्य
942 _hO152(Y15):g, Q1
_cTEXL
_2cc
999 _c1020284
_d1020284